Normal view
MARC view
- Piñes, Leizel R.
Entry Personal Name
001 - CONTROL NUMBER
- control field: 6452
003 - CONTROL NUMBER IDENTIFIER
- control field: OSt
005 - DATE AND TIME OF LATEST TRANSACTION
- control field: 20160427093441.0
008 - FIXED-LENGTH DATA ELEMENTS
- fixed length control field: 160427|| aca||aabn | a|a d
040 ## - CATALOGING SOURCE
- Original cataloging agency: OSt
100 ## - HEADING--PERSONAL NAME
- Personal name: Piñes, Leizel R.
